| 000 | 00762nam a22002292 4500 | ||
|---|---|---|---|
| 001 | 0000006031 | ||
| 005 | 20151217152011.0 | ||
| 008 | 070912s xx 000 0 eng d | ||
| 020 |
_a0471288802 : _cKES 8,200 |
||
| 040 |
_aKABU _cKABU |
||
| 245 | 1 | 0 |
_aCareer development and counselling : _bputting theory and research to work / _ced. by Steven D. Brown, Robert W. Lent. |
| 260 |
_aHoboken, NJ : _bJohn Wiley, _c2005. |
||
| 300 | _axiv, 682 p. | ||
| 650 | 0 |
_aCareer development. _@0000139411 |
|
| 650 | 0 |
_aVocational guidance. _@0000157388 |
|
| 650 | 0 |
_aCounseling. _@0000148083 |
|
| 700 | 1 |
_aBrown, Steven D. _@0000157389 |
|
| 700 | 1 |
_aLent, Robert W. _@0000157390 |
|
| 908 | _a070912 | ||
| 950 | _@1 | ||
| 999 |
_c7170 _d7170 |
||